Mười bốn bí mật gia tăng tài chính mỗi ngày
Giới thiệu 14 bí quyết giúp bạn tìm ra phương pháp tiết kiệm phù hợp nhất cho gia đình mình, khéo léo trong việc cân bằng chi tiêu để gia tăng tài chính mỗi ngày
Na minha lista:
| Autor principal: | |
|---|---|
| Formato: | Livro |
| Idioma: | Undetermined |
| Publicado em: |
H.
Lao động
2020
|
| Assuntos: | |
| Acesso em linha: | http://lrc.tdmu.edu.vn/opac/search/detail.asp?aID=2&ID=41329 |
| Tags: |
Adicionar Tag
Sem tags, seja o primeiro a adicionar uma tag!
|
| Thư viện lưu trữ: | Trung tâm Học liệu Trường Đại học Thủ Dầu Một |
|---|
| LEADER | 00871nam a2200193Ia 4500 | ||
|---|---|---|---|
| 001 | TDMU_41329 | ||
| 008 | 210410s9999 xx 000 0 und d | ||
| 082 | |a 158.1 | ||
| 090 | |b C104 | ||
| 100 | |a Camelia Pham | ||
| 245 | 0 | |a Mười bốn bí mật gia tăng tài chính mỗi ngày | |
| 260 | |a H. | ||
| 260 | |b Lao động | ||
| 260 | |c 2020 | ||
| 300 | |a 271tr. | ||
| 520 | |a Giới thiệu 14 bí quyết giúp bạn tìm ra phương pháp tiết kiệm phù hợp nhất cho gia đình mình, khéo léo trong việc cân bằng chi tiêu để gia tăng tài chính mỗi ngày | ||
| 650 | |a Tài chính cá nhân |x Tiết kiệm chi tiêu |x Bí quyết | ||
| 856 | |u http://lrc.tdmu.edu.vn/opac/search/detail.asp?aID=2&ID=41329 | ||
| 980 | |a Trung tâm Học liệu Trường Đại học Thủ Dầu Một | ||